000 01435nam a22003017a 4500
001 000056283
003 DO-SdBNP
005 20231128100711.0
008 160531b 1996 sp ||||| |||| 00| 0 spa d
020 _a9681903196
040 _aBPMSU
_bsp
_cBPMSU
082 _aA863.08
_bC965L 2010
_222
245 0 0 _aCuentos latinoamericanos :
_bantología /
_cedición y prólogo, Conrado Zuluaga.
260 _aBogotá, Colombia :
_bAlfaguara,
_c2006.
300 _a134 p. ;
_c22 cm.
505 0 _aHombre de la esquina rosada / Jorge Luis Borges ; Los fujitivos / Alejo Carpentier ; La autopista del sur / Julio Cortázar ; Nos han dado la tierra / Juan Rulfo ; Recuerdo de las sierras / Adolfo Bioy Cáseres ; En este pueblo no hay ladrones / Gabriel García Márquez.
590 _aInventariado, 2023/VM
650 4 _aCuentos latinoamericanos
_vColecciones
_ySiglo XX
700 1 _aZuluaga, Conrado,
_epról.
700 1 _aBorges, Jorge Luis,
_d1899-1986.
_tHombre de la esquina rosada.
700 1 _aCarpentier, Alejo,
_d1904-1980.
_tFujitivos.
700 1 _aCortázar, Julio,
_d1914-1984.
_tAutopista del sur.
700 1 _aRulfo, Juan,
_d1918-1986.
_tNos han dado la tierra.
700 1 _aBioy Casares, Adolfo,
_d1914-1999.
_tRecuerdo de las sierras.
700 1 _aGarcía Márquez, Gabriel
_d1927-2014
_tEn este pueblo no hay ladrones.
910 _aVMateo V. Control de calidad. BPMSU
942 _2ddc
_cBK
999 _c10247
_d10247